Gaming Quiz

Random Gaming or Video Games Quiz

Kingdom Hearts 3D Dream Drop Distance Character Quiz Stats

 Plays Quiz not verified by Sporcle

Challenge
Share
Tweet
Embed
Score 0/59 Timer 12:00
0 Plays Today
Hint/ Disney Film Character % Correct
Main Character???
97.9%
Main Character???
96.6%
King of Disney Castle???
95.9%
Childhood friend???
94%
Captain of royal knights???
93.7%
Court Magician???
93.3%
Queen of Disney Castle???
91.8%
Organisation - No. 13???
89.9%
Childhood friend's nobody???
89.7%
Organisation - No. 8???
89.4%
Organisation - No. 1???
89.2%
Sorcerer???
87.5%
Fat troublemaker???
87.3%
The Three Musketeers???
87.3%
Organisation - No. 2???
85.1%
Organisation - No. 14???
85.1%
The three key blade wielders???
82.3%
The three key blade wielders???
82.1%
Human form of No. 8???
81.5%
Former keyblade master's nobody???
81.5%
Organisation - No. 7???
81%
The three key blade wielders???
80.8%
Evil Fairy???
80.2%
Former keyblade master (villain)???
79.9%
Human form of No. 2???
76.7%
Human form of No. 3???
71.3%
Human form of No. 4???
70.3%
The World Ends With You???
70.1%
Human form of No. 6???
69.2%
The World Ends With You???
67.7%
Hint/ Disney Film Character % Correct
The World Ends With You???
67.7%
Pinocchio???
66.2%
The World Ends With You???
64.4%
Hunchback of Notre Dame???
64%
The World Ends With You???
62.9%
Tron???
59.1%
Old ruler of Radiant Garden???
58.8%
Hunchback of Notre Dame???
58.2%
Hunchback of Notre Dame???
57.6%
Tron???
57.6%
The Little Mermaid???
57.3%
Pinocchio???
54.9%
Tron???
54.7%
Pinocchio???
53.4%
Tron???
52.6%
Pinocchio???
51.7%
Hunchback of Notre Dame???
50.2%
Pinocchio???
48.9%
The Three Musketeers???
48.1%
Fantasia???
47%
Hunchback of Notre Dame???
39%
Hunchback of Notre Dame???
39%
Hunchback of Notre Dame???
36.8%
Tron???
34.1%
Runaway Brain ???
33.6%
Fantasia???
28.7%
Servant of Evil Fairy???
24.8%
The Three Musketeers???
17.2%
Human form of No. 5???
0.4%

You're not logged in!

Compare scores with friends on all Sporcle quizzes.
OR
Log In

You Might Also Like...

Show Comments

Extras

Top Quizzes Today


Score Distribution

Your Account Isn't Verified!

In order to create a playlist on Sporcle, you need to verify the email address you used during registration. Go to your Sporcle Settings to finish the process.

Report this User

Report this user for behavior that violates our Community Guidelines.

Details: